000 00652nam a22002297a 4500
003 UA-OsUOA
001 89673
007 ta
008 20121108b un ||||| |||| 00| 0 ukr d
100 _aГуцал П.
090 _a821.161.2
_bГ 97
942 _cBK
040 _aUA-OsUOA
_bukr
_cUA-OsUOA
_dUA-OsUOA
245 _aНа хвилях двох океанів
300 _a308 с.
955 _a3
041 _aukr
080 _a821.161.2
260 _aК.
_bДержавне видавництво художньої культури
_c1963
650 7 _a82 Література. Літературознавство
_2UDC
999 _c375953
_d375953